Путеводитель по Шекспиру (Запись № 12223562)

Подробности
000 -МАРКЕР
контрольное поле 01597nam0a2200325 4500
001 - ИДЕНТИФИКАТОР ЗАПИСИ
контрольное поле RU\NLR\BIBL_A\011546694
005 - ИДЕНТИФИКАТОР ВЕРСИИ
контрольное поле 20260406141452.0
010 ## - МЕЖДУНАРОДНЫЙ СТАНДАРТНЫЙ НОМЕР КНИГИ (ISBN)
Номер (ISBN) 9785227071408
Тираж 2000
021 ## - НОМЕР ГОСУДАРСТВЕННОЙ РЕГИСТРАЦИИ
Код страны Российская Федерация
Номер 2017-85536
Номер Листа государственной регистраци 6103
035 ## - ДРУГИЕ СИСТЕМНЫЕ НОМЕРА
Идентификатор записи (RuMoRGB)009450607
035 ## - ДРУГИЕ СИСТЕМНЫЕ НОМЕРА
Идентификатор записи (NLR Aleph) 011546694
100 ## - ДАННЫЕ ОБЩЕЙ ОБРАБОТКИ
Данные общей обработки 20171205d2017 u y0rusy50 ca
101 1# - ЯЗЫК РЕСУРСА
Язык текста, звукозаписи и т.д. русский
Язык оригинала английский
102 ## - СТРАНА ПУБЛИКАЦИИ ИЛИ ПРОИЗВОДСТВА
Страна публикации Российская Федерация
105 ## - ПОЛЕ КОДИРОВАННЫХ ДАННЫХ: ТЕКСТОВЫЕ МАТЕРИАЛЫ, МОНОГРАФИЧЕСКИЕ
Кодированные данные о монографическом текстовом документе abc z 000zy
200 1# - ЗАГЛАВИЕ И СВЕДЕНИЯ ОБ ОТВЕТСТВЕННОСТИ
Основное заглавие Путеводитель по Шекспиру
Сведения, относящиеся к заглавию английские пьесы
Первые сведения об ответственности Айзек Азимов
Последующие сведения об ответственности [пер. с англ. Е. А. Каца]
210 ## - ПУБЛИКАЦИЯ, РАСПРОСТРАНЕНИЕ И ДР.
Место издания, распространения и т.д. Москва
Имя издателя, распространителя и т. д. Центрполиграф
Дата издания, распространения и т.д. 2017
215 ## - ФИЗИЧЕСКАЯ ХАРАКТЕРИСТИКА
Специфическое обозначение материала и объем 811 с.
Другие сведения о физической характеристике ил., портр., карта
Размеры 22
300 ## - ОБЩИЕ ПРИМЕЧАНИЯ
Текст примечания Загл. и авт. ориг.: Asimov's guide to Shakespeare: the English plays / Isaac Asimov
454 #0 - ОРИГИНАЛ (ПЕРЕВОДА)
Встроенное поле 2001#$aAsimov's guide to Shakespeare$ethe English plays
-- 700#1$aAsimov$bI.$f1920-1992$gIsaac$3RU\NLR\AUTH\7720019
Заглавие Asimov's guide to Shakespeare
Автор Asimov, Isaac (1920-1992)
604 ## - ИМЯ И ЗАГЛАВИЕ КАК ПРЕДМЕТ
Связываемые данные 200#1$aШекспир$bУ.$gУильям$f1564 - 1616
-- 2351#$aДраматургия
Имя лица Шекспир, Уильям (1564 - 1616)
Заглавие Драматургия
Идентификатор авторитетной/нормативной записи RU\NLR\AUTH\661393636
Системный номер авторитетной/нормативной записи 2330460
686 ## - ИНДЕКСЫ ДРУГИХ КЛАССИФИКАЦИЙ
Индекс Ш5(4Вл)43-4Шекспир У.536,0
Код системы
686 1# - ИНДЕКСЫ ДРУГИХ КЛАССИФИКАЦИЙ
Индекс Ш5(4Вл)43-4Шекспир536
700 #1 - ИМЯ ЛИЦА - ПЕРВИЧНАЯ ОТВЕТСТВЕННОСТЬ
Графика поля Кириллица
Материалы, к которым относится поле rus
Начальный элемент ввода Азимов
Часть имени, кроме начального элемента ввода А.
Даты 1920-1992
Расширение инициалов личного имени Айзек
Системный номер авторитетной/нормативной записи 113441
Идентификатор авторитетной/нормативной записи RU\NLR\AUTH\773445
702 #1 - ИМЯ ЛИЦА - ВТОРИЧНАЯ ОТВЕТСТВЕННОСТЬ
Код отношения Прочие
Графика поля Кириллица
Материалы, к которым относится поле rus
Начальный элемент ввода Шекспир
Часть имени, кроме начального элемента ввода У.
Даты 1564-1616
Расширение инициалов личного имени Уильям
Системный номер авторитетной/нормативной записи 112012
Идентификатор авторитетной/нормативной записи RU\NLR\AUTH\771995
942 ## - ДОПОЛНИТЕЛЬНЫЕ ЭЛЕМЕНТЫ ЗАПИСИ (АБИС)
Тип экземпляра АБИС Книга
980 ## - КОЛЛЕКЦИЯ
Название коллекции НБР

Нет доступных экземпляров.